[Event "Challenge"]
[Site "http://www.queenalice.com/game.php?id=1091350"]
[Date "2012.8.8"]
[Round "-"]
[White "streetcar277"]
[Black "GabrielGabera"]
[Result "0-1"]
[WhiteElo "1685"]
[BlackElo "1972"]

1. e4 e5 2. Nf3 Nc6 3. d4 exd4 4. Nxd4 Nxd4 5. Qxd4 d6 6. Nc3 Nf6 7. Bg5 Be7 8.
O-O-O O-O 9. Bd3 c5 10. Qa4 Bd7 11. Bb5 Bg4 12. f3 a6 13. Be2 b5 14. Bxb5 axb5
15. Qxb5 Bd7 16. Qd3 Be6 17. b3 Qa5 18. h4 h6 19. Be3 Rfc8 0-1

[Event "Challenge"]
[Site "http://www.queenalice.com/game.php?id=1091358"]
[Date "2012.8.8"]
[Round "-"]
[White "Boeing"]
[Black "streetcar277"]
[Result "0-1"]
[WhiteElo "1905"]
[BlackElo "1564"]

1. e4 c5 2. Bc4 Nc6 3. Qf3 Ne5 4. Qb3 Nf6 5. Nf3 Nxc4 6. Qxc4 e6 7. O-O Be7 8.
e5 d5 9. Qb5+ Qd7 10. Qxd7+ Nxd7 11. Nc3 O-O 12. d3 f6 13. exf6 gxf6 14. Nb5 Nb6
15. Bh6 Rf7 16. Rfe1 e5 17. Nh4 Bd7 18. c4 dxc4 19. dxc4 Nxc4 20. Nc7 Rc8 21.
Nd5 Bf8 22. Bxf8 Kxf8 23. b3 Nd6 24. Rad1 Nf5 25. Nxf5 Bxf5 26. Ne3 Be6 27. Rd6
Re7 28. Red1 Kf7 29. h4 Rcc7 30. h5 Rcd7 31. Rxd7 Rxd7 32. Rc1 b6 33. g4 Rd2 34.
Rc2 Rxc2 35. Nxc2 Bxg4 36. b4 Bxh5 37. bxc5 bxc5 38. Na3 Ke6 39. Nb5 c4 40. Nxa7
c3 0-1

[Event "AUTO-OPEN-2787"]
[Site "http://www.queenalice.com/game.php?id=1101402"]
[Date "2012.9.10"]
[Round "1"]
[White "lfsantanna"]
[Black "streetcar277"]
[Result "0-1"]
[WhiteElo "1719"]
[BlackElo "1649"]

1. e4 c5 2. Nf3 d6 3. d4 cxd4 4. Nxd4 Nf6 5. Nc3 a6 6. Bc4 e6 7. O-O Be7 8. Nce2
O-O 9. Nc3 b5 10. Bd3 Bb7 11. Qf3 Nc6 12. Nxc6 Bxc6 13. Qg3 Kh8 14. Ne2 Bxe4 15.
Bxe4 Nxe4 16. Qg4 d5 17. b3 Bf6 18. Rb1 Nc3 19. Nxc3 Bxc3 20. Qg3 Rc8 21. Kh1
Rc6 22. f4 Qc7 23. Be3 Bf6 24. Rbc1 Rxc2 25. Rxc2 Qxc2 26. Qf2 Qxf2 27. Rxf2 Rc8
28. h3 d4 29. Bd2 Rc2 30. a3 Bh4 31. Re2 d3 32. Re4 Rxd2 33. Rd4 g5 34. Rd8+ Kg7
35. Kh2 gxf4 0-1

[Event "AUTO-OPEN-2787"]
[Site "http://www.queenalice.com/game.php?id=1101403"]
[Date "2012.9.10"]
[Round "1"]
[White "streetcar277"]
[Black "lfsantanna"]
[Result "1-0"]
[WhiteElo "1615"]
[BlackElo "1717"]

1. e4 e5 2. Nf3 Nc6 3. d4 Nf6 4. d5 Na5 5. Bd3 b6 6. O-O Be7 7. Nxe5 d6 8. Nf3
h6 9. b4 Nb7 10. Nbd2 O-O 11. Bb2 Qd7 12. c4 Qg4 13. e5 Nh5 14. h3 Qd7 15. Re1
dxe5 16. Nxe5 Qd6 17. Qxh5 Qxb4 18. Bc1 Qc3 19. Rb1 Bd6 20. Rb3 Qd4 21. Ndf3 Qc5
22. Rb5 Qxb5 23. cxb5 Nc5 24. Bc2 Bb7 25. Bxh6 Nd7 26. Bxg7 1-0

[Event "AUTO-OPEN-2787"]
[Site "http://www.queenalice.com/game.php?id=1101422"]
[Date "2012.9.10"]
[Round "1"]
[White "Severynnas"]
[Black "streetcar277"]
[Result "0-1"]
[WhiteElo "1414"]
[BlackElo "1635"]

1. d4 d5 2. c4 c6 3. Nc3 Nf6 4. f3 e6 5. Bg5 Be7 6. Qd2 O-O 7. e3 Nbd7 8. Bd3
dxc4 9. Bxc4 Nb6 10. Bb3 Nfd5 11. Bxe7 Qxe7 12. O-O-O a5 13. Nxd5 cxd5 14. g4
Bd7 15. Kb1 a4 16. Bc2 Nc4 17. Qd3 g6 18. b3 Na3+ 19. Kb2 Nxc2 20. Qxc2 axb3 21.
axb3 Qa3+ 22. Kc3 Rfc8+ 23. Kd2 Rxc2+ 24. Kxc2 Qa2+ 25. Kc1 Rc8# 0-1

[Event "AUTO-OPEN-2787"]
[Site "http://www.queenalice.com/game.php?id=1101423"]
[Date "2012.9.10"]
[Round "1"]
[White "streetcar277"]
[Black "Severynnas"]
[Result "1-0"]
[WhiteElo "1642"]
[BlackElo "1407"]

1. e4 e5 2. Nf3 Nc6 3. d4 exd4 4. Nxd4 Nxd4 5. Qxd4 Qf6 6. Be3 Qxd4 7. Bxd4 d6
8. Nc3 c5 9. Be3 Nf6 10. Rd1 Bg4 11. Bb5+ Bd7 12. Bxd7+ Nxd7 13. Nb5 Kd8 14.
Nxd6 Bxd6 15. Rxd6 Re8 16. f3 Kc7 17. Rd5 Red8 18. Bxc5 b6 19. Bd4 a5 20. Bxg7
h5 21. Rxh5 Nc5 22. Ke2 Rd7 23. Rd1 b5 24. Rxc5+ Kd8 25. Rxd7+ Kxd7 26. Rxb5 a4
27. h4 Rc8 28. c3 Rc6 29. h5 Ra6 30. h6 f6 31. h7 a3 32. h8=Q axb2 33. Bf8 b1=Q
34. Qg7+ Kc6 35. Qb7# 1-0

[Event "AUTO-OPEN-2787"]
[Site "http://www.queenalice.com/game.php?id=1101434"]
[Date "2012.9.10"]
[Round "1"]
[White "streetcar277"]
[Black "TITAN10"]
[Result "1-0"]
[WhiteElo "1680"]
[BlackElo "1800"]

1. e4 c5 2. Nf3 d6 3. d4 cxd4 4. Nxd4 Nc6 5. Nc3 Nf6 6. Be2 e5 7. Nb3 Be7 8. Be3
a6 9. Qd2 Be6 10. O-O O-O 11. Rad1 Qc7 12. f4 exf4 13. Bxf4 Rad8 14. Bf3 Ne8 15.
Kh1 Nf6 16. Nd4 Ne5 17. Nd5 Bxd5 18. exd5 Nxf3 19. Nxf3 Rc8 20. c3 Rfe8 21. Qd3
Qc4 22. Qxc4 Rxc4 23. Bg5 h6 24. Bh4 Ng4 25. Rde1 Rc7 26. Bg3 Rcc8 27. Nd2 b5
28. h3 Nf6 29. Ne4 Nxd5 30. Nxd6 Bxd6 31. Bxd6 Nf6 32. Be5 Nd7 33. Bd4 f6 34.
Kg1 Kf7 35. Rd1 Re2 36. Rf2 Rce8 37. Kf1 Rxf2+ 38. Kxf2 Nb8 39. Re1 Rxe1 40.
Kxe1 Nc6 41. Bb6 g6 42. Ke2 Ke6 43. b3 Kd5 44. g4 f5 45. gxf5 gxf5 46. Ke3 Nb8
47. Kf4 Nd7 48. Bd4 Ke6 49. Bg7 h5 50. Kg5 Nc5 51. Kxh5 Kd5 52. Bd4 Ne6 53. Bb6
f4 54. Kg4 Ke4 55. h4 Ng7 56. h5 Ne8 57. Bd4 Nd6 58. h6 Nf7 59. h7 f3 60. Kg3 b4
61. h8=Q Nxh8 62. Bxh8 bxc3 63. Bxc3 Ke3 64. Be1 Ke2 65. Bf2 Kd3 66. Kxf3 Kc3
67. Bc5 Kb2 68. a3 Kxb3 69. Ke3 Kc4 70. Bf8 a5 71. Ke4 a4 72. Be7 1-0

[Event "AUTO-OPEN-2787"]
[Site "http://www.queenalice.com/game.php?id=1101435"]
[Date "2012.9.10"]
[Round "1"]
[White "TITAN10"]
[Black "streetcar277"]
[Result "0-1"]
[WhiteElo "1696"]
[BlackElo "1668"]

1. e4 c5 2. Nf3 d6 3. d4 cxd4 4. Nxd4 Nf6 5. Nc3 a6 6. Be2 e6 7. Bg5 Be7 8. O-O
O-O 9. f3 Qc7 10. Kh1 b5 11. a3 h6 12. Bh4 Nxe4 13. Be1 Nxc3 14. Bxc3 Bf6 15.
Bd3 Bb7 16. Re1 Nc6 17. Nxc6 Bxc3 18. bxc3 Bxc6 19. Qd2 d5 20. Qf2 Rac8 21. Rab1
Bb7 22. Rb3 Qe7 23. Qg3 Qf6 24. a4 Bc6 25. axb5 Bxb5 26. Bxb5 axb5 27. f4 Rc5
28. h3 Rfc8 29. Reb1 Rxc3 30. Rxc3 Qxc3 31. Qxc3 Rxc3 32. Rb2 g6 33. Kg1 Kg7 34.
Kf2 b4 35. Rxb4 Rxc2+ 36. Kf3 Rc3+ 37. Ke2 Rc4 38. Rb3 Rxf4 0-1

[Event "Autumn chess"]
[Site "http://www.queenalice.com/game.php?id=1110010"]
[Date "2012.10.9"]
[Round "-"]
[White "streetcar277"]
[Black "Greeley"]
[Result "1-0"]
[WhiteElo "1701"]
[BlackElo "1977"]

1. e4 Nh6 2. d4 g6 3. Nc3 Bg7 4. Be3 f6 5. Qd2 Nf7 6. O-O-O O-O 7. Bc4 c6 8. h4
e6 9. h5 g5 10. h6 Bxh6 11. f4 g4 12. f5 Bxe3 13. Qxe3 Ng5 14. Be2 exf5 15. exf5
Re8 16. Qf4 d5 17. Qxg4 Qe7 18. Nf3 Nd7 19. Rh5 Kf7 20. Nxg5+ fxg5 21. Rxh7+ 1-0

[Event "Autumn chess"]
[Site "http://www.queenalice.com/game.php?id=1110011"]
[Date "2012.10.8"]
[Round "-"]
[White "Karpv"]
[Black "streetcar277"]
[Result "1/2-1/2"]
[WhiteElo "2022"]
[BlackElo "1728"]

1. e4 c5 2. d4 cxd4 3. c3 dxc3 4. Nxc3 e6 5. Nf3 d6 6. Bc4 Nf6 7. O-O Be7 8. Qe2
O-O 9. Rd1 Bd7 10. h3 a6 11. e5 dxe5 12. Nxe5 Qe8 13. Be3 Nc6 14. Nxd7 Nxd7 15.
Rac1 Nf6 16. Bb6 Bd8 17. Bc5 Be7 18. Bb6 Bd8 1/2-1/2

[Event "Autumn chess"]
[Site "http://www.queenalice.com/game.php?id=1115585"]
[Date "2012.10.24"]
[Round "-"]
[White "streetcar277"]
[Black "lida"]
[Result "1/2-1/2"]
[WhiteElo "1740"]
[BlackElo "2176"]

1. e4 c6 2. d4 d5 3. Nc3 dxe4 4. Nxe4 Bf5 5. Ng3 Bg6 6. Nf3 Nf6 7. Bd3 Bxd3 8.
Qxd3 e6 9. O-O Be7 10. Bd2 O-O 11. Rfe1 Qc7 12. Rad1 Nbd7 13. c3 Rfd8 14. Qe2
Qa5 15. a3 Qc7 16. Ne5 Nxe5 17. dxe5 Nd5 18. Qg4 Bf8 19. h4 Qb6 20. b4 Qa6 21.
Ne4 b6 22. Bg5 Rdc8 23. c4 Ne7 24. Bxe7 Bxe7 25. Rd7 Qxa3 26. Re3 Qa1+ 27. Kh2
1/2-1/2

[Event "Let's Play Chess!"]
[Site "http://www.queenalice.com/game.php?id=1125708"]
[Date "2012.11.25"]
[Round "-"]
[White "streetcar277"]
[Black "Taurus"]
[Result "1-0"]
[WhiteElo "1754"]
[BlackElo "2060"]

1. e4 e5 2. Nf3 Nc6 3. d4 exd4 4. Nxd4 Bc5 5. Be3 Bb4+ 6. c3 Ba5 7. Be2 Nxd4 8.
Bxd4 Qg5 9. O-O d6 10. f4 Qg6 11. Qa4+ Bd7 12. Qxa5 b6 13. Qg5 f6 14. Qxg6+ hxg6
15. Nd2 c5 16. Bf2 Ne7 17. Rad1 b5 18. Nf3 Nc8 19. e5 dxe5 20. fxe5 c4 21. e6
Bxe6 22. Nd4 Bd7 23. Bf3 Rb8 24. Rfe1+ Kf8 25. Ne6+ Bxe6 26. Rd8+ Kf7 27. Rxh8
a5 28. Bg3 Rb6 29. Rxe6 1-0

[Event "AUTO-OPEN-2787"]
[Site "http://www.queenalice.com/game.php?id=1133889"]
[Date "2012.12.24"]
[Round "2"]
[White "Anonimo"]
[Black "streetcar277"]
[Result "0-1"]
[WhiteElo "2201"]
[BlackElo "1849"]

1. c4 e5 2. Nc3 Nf6 3. Nf3 Nc6 4. g3 d5 5. cxd5 Nxd5 6. Bg2 Be7 7. Nxe5 Nxc3 8.
Bxc6+ bxc6 9. dxc3 Qxd1+ 10. Kxd1 Be6 11. Kc2 f6 12. Nd3 O-O-O 13. Be3 Kb7 14.
f3 Rhe8 15. Rhe1 Bf5 16. Bg1 g5 17. e4 Bg6 18. Rad1 Bf8 19. g4 c5 20. Nxc5+ Bxc5
21. Bxc5 Rxd1 22. Rxd1 a6 23. h3 Kc6 24. Bd4 Re6 25. b4 h5 26. c4 Bf7 27. Kc3
Kb7 0-1

[Event "AUTO-OPEN-2787"]
[Site "http://www.queenalice.com/game.php?id=1133890"]
[Date "2012.12.24"]
[Round "2"]
[White "streetcar277"]
[Black "Anonimo"]
[Result "0-1"]
[WhiteElo "1851"]
[BlackElo "2452"]

1. e4 c5 2. Nf3 e6 3. d4 cxd4 4. Nxd4 a6 5. Nc3 Qc7 6. Be2 Nf6 7. O-O Nc6 8.
Nxc6 bxc6 9. Be3 d5 10. exd5 cxd5 11. f4 Bc5 12. Qd2 Rb8 13. Rab1 O-O 14. Kh1
Rd8 15. Bd4 Ne4 16. Nxe4 dxe4 17. c3 Bb7 18. Qe3 Bxd4 19. cxd4 Qb6 20. Rfd1 Rbc8
21. b3 Qa5 22. Qd2 Qxd2 23. Rxd2 e3 24. Rdd1 Rc2 0-1

[Event "AUTO-OPEN-2787"]
[Site "http://www.queenalice.com/game.php?id=1133893"]
[Date "2012.12.24"]
[Round "2"]
[White "junipero"]
[Black "streetcar277"]
[Result "0-1"]
[WhiteElo "2054"]
[BlackElo "1826"]

1. d4 d5 2. c4 c6 3. Nc3 Nf6 4. e3 e6 5. Nf3 Nbd7 6. c5 b6 7. b4 a5 8. Qa4 Bb7
9. Be2 b5 10. Qb3 a4 11. Qc2 Be7 12. a3 O-O 13. O-O Ne8 14. Bd3 h6 15. Bb2 f5
16. Ne2 Nef6 17. Nf4 Kf7 18. Nh4 g5 19. Nxe6 Kxe6 20. Bxf5+ Kf7 21. Ng6 Rg8 22.
Bxd7 Nxd7 23. Qf5+ Nf6 24. Ne5+ Ke8 25. f3 Qc8 26. Qd3 Rg7 27. e4 Kd8 28. exd5
Nxd5 29. Qe4 Kc7 30. Ng4 Qf8 31. Nxh6 Bf6 32. Nf5 Re8 33. Qd3 Rd7 34. Rae1 Rdd8
35. Nd6 Rxe1 36. Rxe1 Bc8 37. Qh7+ Rd7 38. Qf5 Re7 39. Rxe7+ Nxe7 40. Qh7 Kb8
41. Kf1 Nd5 42. g3 Qh8 43. Qe4 Qxh2 44. Qe8 Qh3+ 45. Kf2 Qe6 46. Qxc6 Qe3+ 47.
Kg2 Qe2+ 48. Kg1 Qd1+ 49. Kf2 Qc2+ 50. Kg1 Qb1+ 51. Kf2 Qxb2+ 52. Ke1 Qc1+ 53.
Ke2 Qe3+ 54. Kd1 Qxd4+ 55. Ke1 Qe3+ 56. Kd1 Nc3+ 57. Kc2 Qe2+ 58. Kc1 Qd1+ 59.
Kb2 Qb1# 0-1

[Event "AUTO-OPEN-2787"]
[Site "http://www.queenalice.com/game.php?id=1133894"]
[Date "2012.12.24"]
[Round "2"]
[White "streetcar277"]
[Black "junipero"]
[Result "1-0"]
[WhiteElo "1802"]
[BlackElo "2063"]

1. e4 c5 2. Nf3 Nc6 3. d4 cxd4 4. Nxd4 e5 5. Nb5 d6 6. c4 a6 7. N5c3 h6 8. Be3
Nf6 9. Be2 Be7 10. O-O O-O 11. Na3 Be6 12. Nc2 Rc8 13. b3 Re8 14. Qd2 Nh7 15. f4
exf4 16. Bxf4 Ne5 17. Rad1 Qb6+ 18. Be3 Qc7 19. Nb4 Bf8 20. Ncd5 Bxd5 21. Nxd5
Qd8 22. a4 Be7 23. Nxe7+ Rxe7 24. Qxd6 Qxd6 25. Rxd6 f6 26. Rfd1 Nf8 27. Kf2 Rd7
28. Rxd7 Nfxd7 29. b4 Kf7 30. a5 Nb8 31. Bf4 Nbc6 32. c5 Nxb4 33. Bxe5 fxe5 34.
Rd7+ Kf8 35. Rxb7 Nc2 36. Bxa6 Rxc5 37. Rb5 Rc6 38. Bb7 Rc7 39. a6 Nd4 40. Rb2
Nc6 41. Bxc6 Rxc6 42. a7 Ra6 43. Rb8+ Kf7 44. a8=Q Rxa8 45. Rxa8 h5 46. Ra6 g6
47. Kg3 g5 48. Kf3 Ke7 49. Ke3 Kf7 50. Kd3 h4 51. Kc4 g4 52. Kd5 h3 53. gxh3
gxh3 54. Kc4 Ke7 55. Kd5 Kd7 56. Kxe5 Ke7 57. Ra7+ Kd8 58. Ke6 Kc8 59. Kd6 Kb8
60. Rh7 Kc8 61. Rg7 Kb8 62. Kc6 1-0

[Event "Winter chess"]
[Site "http://www.queenalice.com/game.php?id=1146757"]
[Date "2013.1.30"]
[Round "-"]
[White "jeancarlo1910"]
[Black "streetcar277"]
[Result "0-1"]
[WhiteElo "1871"]
[BlackElo "1782"]

1. e4 c5 2. Nf3 d6 3. d4 cxd4 4. Nxd4 Nf6 5. Bd3 e6 6. O-O Be7 7. f4 O-O 8. Be3
Nbd7 9. Nd2 Nc5 10. N4f3 Nxd3 11. cxd3 b6 12. d4 Bb7 13. e5 Nd5 14. Re1 dxe5 15.
dxe5 Nxe3 16. Rxe3 Bc5 17. Nf1 Qxd1 18. Rxd1 Bxf3 19. gxf3 Rfd8 20. Rxd8+ Rxd8
21. Kf2 f6 22. Ke2 Bxe3 23. Nxe3 Kf7 24. Nc4 Ke7 25. Ke3 Rd1 26. Nd6 Kd7 27. Ne4
f5 28. Nc3 Rh1 29. b4 Rxh2 30. a3 h5 0-1

[Event "Winter chess 2"]
[Site "http://www.queenalice.com/game.php?id=1155110"]
[Date "2013.2.25"]
[Round "-"]
[White "streetcar277"]
[Black "Rusty"]
[Result "0-1"]
[WhiteElo "1828"]
[BlackElo "2328"]

1. e4 e5 2. Nf3 Nc6 3. d4 exd4 4. Nxd4 Bc5 5. Be3 Qf6 6. c3 d6 7. Be2 Qg6 8. O-O
Nf6 9. Nd2 Bh3 10. Bf3 Ne5 11. Kh1 Bd7 12. a4 a6 13. Nc2 O-O 14. Bxc5 dxc5 0-1